Pays consommateurs de bière - Statistiques

Statistiques générales
  • Ce quiz a été pris 863 fois
    816 depuis la dernière actualisation
  • Le résultat moyen est 20 sur 32
Statistiques - réponses
Nombre de litres/an/personne Réponse % Correct
3 106.1 Allemagne
96%
14 77.1 Etats-Unis
93%
18 74 Belgique
91%
17 74.1 Russie
89%
25 66.9 Canada
83%
6 98.3 Irlande
83%
5 98.5 Pologne
81%
23 68.4 Espagne
80%
32 59.9 Mexique
77%
22 68.5 Royaume-Uni
74%
24 68.3 Brésil
73%
16 75.7 Pays-Bas
72%
2 107.8 Autriche
71%
1 148.6 République tchèque
66%
20 71.3 Hongrie
64%
10 83.2 Roumanie
64%
11 83.1 Australie
62%
29 62.1 Danemark
61%
30 61.6 Ukraine
61%
21 70.3 Slovaquie
60%
9 84.2 Finlande
56%
7 85.9 Croatie
55%
4 102.4 Estonie
55%
13 80.1 Slovénie
55%
19 72.5 Lituanie
54%
15 76.8 Bulgarie
53%
26 66.2 Lettonie
49%
27 64.7 Nouvelle-Zélande
39%
31 61.1 Afrique du Sud
30%
8 85.5 Venezuela
13%
12 82.3 Panama
7%
28 64.2 Angola
2%
Aucun quiz correspondant
Distribution des résultats
% des personnes avec chaque résultat
Percentile par nombre de réponses
Votre historique - résultats
Vous n’avez pas pris ce quiz depuis la dernière actualisation